000 01296cam a2200349 a 4500
001 EDZ0000159399
003 StDuBDS
005 20161031105249.0
006 m||||||||d||||||||
007 cr |||||||||||
008 130912s1996 caua fo| 001|0|eng d
020 _a9781483327402 (ebook) :
_cNo price
040 _aStDuBDS
_beng
_cStDuBDS
_epn
049 _aAlfaisal Main Library
050 0 _aHN59.2
_b.R83 1996
082 0 4 _a303.40973
_223
100 1 _aRubin, Beth A.,
_d1955-
245 1 0 _aShifts in the social contract
_h[electronic resource] :
_bunderstanding change in American society /
_cBeth A. Rubin.
260 _aThousand Oaks, Calif. :
_bPine Forge,
_cc1996.
300 _a1 online resource (xiv, 208 p.) :
_bill.
504 _aIncludes bibliographical references and index.
521 _aSpecialized.
588 _aDescription based on print version record.
650 0 _aSocial change
_zUnited States.
651 0 _aUnited States
_xSocial conditions
_y1980-
651 0 _aUnited States
_xEconomic conditions
_y1981-2001.
655 7 _aElectronic books.
_2local
710 2 _aSage eBooks
776 0 8 _iPrint version :
_z9780803990401
856 4 0 _uhttp://ezproxy.alfaisal.edu/login?url=http://sk.sagepub.com/books/shifts-in-the-social-contract
942 _2lcc
_cEBOOKS
999 _c482995
_d482995